Skúmanie konkurencieschopnosti v odvetví poľnohospodárstva a potravinárstva
Konkurencieschopnosť jednotlivých odvetví ovplyvňujú predovšetkým faktory z vonkajšieho podnikateľského prostredia, ale aj interné faktory, ktoré značne prispievajú k efektívnemu fungovaniu odvetvia. Autorka skúma konkurencieschopnosť v odvetví poteravinárstva v nadväznosti na poľnohospodárstvo, kto...
Salvato in:
| Autore principale: | |
|---|---|
| Natura: | Capitolo di libro |
| Lingua: | slovacco |
| Soggetti: | |
| Tags: |
Nessun Tag, puoi essere il primo ad aggiungerne!!
|
MARC
| LEADER | 00000naa$a2200000$$$4500 | ||
|---|---|---|---|
| 001 | 0234706 | ||
| 005 | 20240527080039.0 | ||
| 041 | 0 | |a slo | |
| 044 | |a SK | ||
| 245 | 1 | 0 | |a Skúmanie konkurencieschopnosti v odvetví poľnohospodárstva a potravinárstva |c Ivana Mišúnová Hudáková |
| 520 | |a Konkurencieschopnosť jednotlivých odvetví ovplyvňujú predovšetkým faktory z vonkajšieho podnikateľského prostredia, ale aj interné faktory, ktoré značne prispievajú k efektívnemu fungovaniu odvetvia. Autorka skúma konkurencieschopnosť v odvetví poteravinárstva v nadväznosti na poľnohospodárstvo, ktoré prispievajú k zabezpečeniu primeranej potravinovej sebestačnosti. | ||
| 610 | 2 | 0 | |a poľnohospodárstvo |
| 610 | 2 | 0 | |a potravinárstvo |
| 610 | 2 | 0 | |a konkurencieschopnosť |
| 610 | 2 | 0 | |a analýza swot |
| 100 | 1 | |a Mišúnová Hudáková, Ivana, 1976- | |